000 02036cam a22004694i 4500
003 PE-LiUPU
005 20250731173334.0
008 150706s r 000 0 d
020 _a9780802825452
035 _a(Sirsi) i9780802825452
040 _aPE-LiUPU
_bspa
_cPE-LiUPU
_erda
049 _aPRUA
082 0 4 _a221.07
_bNICOT
_221
100 1 _aWaltke, Bruce K.,
_eautor.
245 1 4 _aThe book of Proverbs :
_bchapters 1-15 /
_cBruce K. Waltke.
264 1 _aGrand Rapids, Mich. :
_bWilliam B. Eerdmans Pub.,
_c2004.
300 _a693 páginas ;
_c25 centímetros
336 _atext
_2rdacontent
337 _aunmediated
_2rdamedia
338 _avolume
_2rdacarrier
490 0 _aThe New International Commentary on the Old Testament
505 0 _aTitle -- Text and versions -- Hebrew texts -- Greek versions (LXX) -- Other ancient versions -- Conclusion -- Structure -- Introduction -- Collection I: Title with preamble (1:1-7), prolongue (1:8-8:36), and epilogue (9:1-18) -- Collections II: Proverbs of solomon (10:1-22:16) -- Pedagogy -- Christology -- Bibliography -- Text and commentary -- Collection I (I:I-9:18 -- Title and preamble -- Prologue and epilogue -- Collection II Solomon I.
526 _aSEG42
526 _aSEG41
526 _aSEG40
526 _aSEG39
526 _aP94
526 _aP87
526 _aP86
526 _aP85
526 _aP77
526 _aP76
526 _aP35
541 _g1057695742-4939426;
630 0 4 _aBiblia.
_pA.T.
_pProverbios I-XV
_xComentarios.
910 _bng
_cng
_d20090309
942 _2ddc
_cBOOK
949 _a221.07 NICOT 20A
_wDEWEY
_c1
_i59373
_lCCODEBUL1
_mBUL
_p32.00
_r0
_sY
_tBOOK
_u2015-7-6
_xTEOLOGIA
_zUNKNOWN
_0COMPRA
_o.STAFF. Colección General
994 _aC0
_bPEPRU
596 _a1
999 _a221.07 NICOT 20A
_wDEWEY
_c48968
_i59373
_f2021-11-9
_g5
_lCCODEBUL1
_mBUL
_p32.00
_r0
_sY
_tBOOK
_u2015-7-6
_xTEOLOGIA
_zUNKNOWN
_0COMPRA
_o.STAFF. Colección General
_d48968
980 _81
_gALBERTO SANCHEZ Responsable de Automatización